| 000 | 00421nam a2200169 a 4500 | ||
|---|---|---|---|
| 001 | 21316 | ||
| 005 | 20180713215035.0 | ||
| 008 | 140415s1950 mx 000 0 spa d | ||
| 041 | _aspa | ||
| 082 |
_a690.21 _bBAR |
||
| 100 | 1 | _aBAROCIO, ALBERTO | |
| 245 | 1 | 0 | _aESTRUCTURAS HIPERESTATICAS |
| 250 | _a1a ed. | ||
| 260 |
_aMEXICO : _bLATINA, _c1950 |
||
| 300 | _a434 | ||
| 650 | 1 | 4 | _aESTRUCTURAS ESTATICAS |
| 999 |
_c21316 _d21316 |
||